Partes de los animales
Salvato in:
| Autore principale: | |
|---|---|
| Natura: | Libro |
| Lingua: | spagnolo |
| Pubblicazione: |
Madrid
Gredos
2000
|
| Serie: | Biblioteca Clásica Gredos, 283
|
| Soggetti: | |
| Tags: |
Aggiungi Tag
Nessun Tag, puoi essere il primo ad aggiungerne!!
|
MARC
| LEADER | 00000nam a2200000 a 4500 | ||
|---|---|---|---|
| 001 | UCJ0032 | ||
| 003 | CL-VaPUC | ||
| 008 | 060623e20000000SP |||||||||||||||||spa|d | ||
| 020 | |a 8424922832 | ||
| 082 | 0 | 4 | |a 185 |b ARI |2 21 |
| 100 | |a Aristóteles, |d 384 a.C.- 322 a.C. |e author |9 194 | ||
| 245 | 1 | 0 | |a Partes de los animales |
| 246 | 1 | 0 | |a Marcha de los animales |
| 246 | 1 | 0 | |a Movimiento de los animales |
| 300 | |a 342 p | ||
| 942 | |c BK | ||
| 945 | |d 20060623 00:00:00 |a jtorresc | ||
| 260 | |a Madrid |b Gredos |c 2000 | ||
| 600 | 0 | |a Aristóteles, |d 384 a.C.- 322 a.C. |9 194 | |
| 650 | 0 | |a Filosofía antigua |9 255705 | |
| 583 | |a last modification |c 20130305 12:42:12 |k Rodrigo Vera | ||
| 490 | 0 | |a Biblioteca Clásica Gredos, 283 | |
| 999 | |c 317023 |d 317021 | ||
| 952 | |0 0 |1 0 |4 0 |6 185_000000000000000_ARI_2000 |7 0 |8 X |9 392693 |a BIBHIS |b BIBHIS |d 2019-11-22 |i 4235002 |o 185 ARI 2000 |p 4235002 |r 2024-01-30 |w 2019-11-22 |y BK_X |k HIS | ||